000 01157nam0a22002771 4500
001 v19\rc\1878788
005 20260406192350.0
035 _a(NLR Aleph) 004968577
090 _a6060262
_c6060262
100 _a20080221d1910 u y0rusy50 ca
101 0 _arus
102 _aRU
105 _ay i |||||
200 1 _aНекоторые статистические данные о современном положении льноводства в России
_fГУЗ и З. Отд. сел. экономии и с.-х. статистики
210 _aСанкт-Петербург
_cтип. Киршбаума
_d1910
215 _a10 с.
_d27
712 0 1 _aРоссия
_bГлавное управление землеустройства и земледелия
_bОтдел сельской экономии и сельскохозяйственной статистики
_3RU\NLR\AUTH\889954856
_9405735
801 0 _aRU
_bNLR
_gpsbo
801 0 _aRU
_bRuMoRGB
_2psbo
801 1 _aRU
_bProSoft-M
_2rusmarc
852 _aNLR
_j20.99.8.127
899 _aRuMoRGB
_jV 119/1098
899 _aRuMoRGB
_jV 5/285
899 _aБАН
942 _cBOOK
980 _aNB